000 00594cam a22002052 4500
001 0000003100
005 20151021151100.0
008 070427s xx 000 0 eng d
020 _cKES 950
040 _aKABU
_cKABU
050 0 _aHJ3043
_b.S77
110 2 _aStrathmore University.
_bDistance Learning Centre.
_@0000150769
245 1 0 _aTaxation :
_bSubject no. 9 revision kit.
260 _aNairobi :
_bS.U.P,
_c2006.
300 _ax, 178 p.
650 0 _aTaxation
_zKenya.
_@0000152741
908 _a070427
950 _@1
999 _c468
_d468